Countries with Missing Consonants #7 - Statistics

General Stats
  • This quiz has been taken 1,012 times
  • The average score is 13 of 23
Answer Stats
Hint Country % Correct
I _ A _ Iran
99%
I _ A _ Iraq
96%
I _ E _ A _ _ Iceland
90%
I _ E _ A _ _ Ireland
90%
A _ _ E _ I A Armenia
84%
_ A _ A _ A Panama
78%
A _ _ E _ I A Algeria
73%
_ A _ A _ A Canada
69%
_ A _ _ I A Gambia
66%
_ A _ _ I A Zambia
64%
_ O _ A _ I A Somalia
59%
_ I _ E _ I A Liberia
57%
_ I _ E _ I A Nigeria
54%
_ O _ A _ I A Romania
50%
_ A _ A _ Japan
45%
_ A _ _ I A Latvia
45%
_ A _ A _ Qatar
42%
_ O _ _ U _ A _ Portugal
41%
_ O _ _ U _ A _ Honduras
31%
_ O _ _ A _ Jordan
29%
_ E _ _ A _ _ Denmark
27%
_ E _ _ A _ _ Germany
26%
_ O _ _ A _ Norway
26%
No matching quizzes found
Score Distribution
Percent of People with Each Score
Percentile by Number Answered
Your Score History
You have not taken this quiz